| 000 | 00356nam a22001457a 4500 | ||
|---|---|---|---|
| 003 | SGT | ||
| 020 | _a9788131209097 | ||
| 082 |
_a617.695 _bD07K |
||
| 100 | _aKOUDI M.S, PATIL | ||
| 245 | _aDENTAL MATERIALS PREP MANUAL FOR UNDERGRADUATES | ||
| 260 |
_aELSEVIER _bAHUJA BOOKS PUBLISHER |
||
| 300 | _a257 | ||
| 650 | _aDENTAL MATERIALS | ||
| 942 |
_2ddc _cBK _06 |
||
| 999 |
_c12314 _d12314 |
||